DALEEL JADEED ARABI GUIDE (Record no. 579737)

000 -LEADER
fixed length control field 00266nam a22001097a 4500
082 ## - DEWEY DECIMAL CLASSIFICATION NUMBER
Classification number 297.07 GHA'D
100 ## - MAIN ENTRY--PERSONAL NAME
Personal name GHAZI, UMER FAROOQ
9 (RLIN) 74183
245 ## - TITLE STATEMENT
Title DALEEL JADEED ARABI GUIDE
260 ## - PUBLICATION, DISTRIBUTION, ETC.
Place of publication, distribution, etc. RAWALPINDI
Name of publisher, distributor, etc. MILITARY INTELLIGENCE
Date of publication, distribution, etc. 1982
300 ## - PHYSICAL DESCRIPTION
Extent 252P
942 ## - ADDED ENTRY ELEMENTS (KOHA)
Koha item type Book
Holdings
Withdrawn status Lost status Damaged status Not for loan Permanent Location Current Location Shelving location Date acquired Total Checkouts Full call number Barcode Date last seen Price effective from Koha item type
        College of Electrical & Mechanical Engineering (CEME) College of Electrical & Mechanical Engineering (CEME) General Stacks 02/20/2017   297.07 GHA'D CEME-19400 06/28/2021 06/28/2021 Book
        College of Electrical & Mechanical Engineering (CEME) College of Electrical & Mechanical Engineering (CEME) General Stacks 02/20/2017   297.07 GHA'D CEME-19396 06/28/2021 06/28/2021 Book
© 2023 Central Library, National University of Sciences and Technology. All Rights Reserved.